Código penal. Edición oficial aprobada por decreto N§ 371 de 27 febrero de 2006, del Ministerio de Justicia. Anotado, concordado y con jurisprudencia.

Saved in:
Bibliografiske detaljer
Institution som forfatter: Chile
Andre forfattere: Piña Rochefort, Juan Ignacio
Format: Bog
Sprog:spansk
Udgivet: Santiago, Chile: Jurídica, 2007
Fag:
Tags: Tilføj Tag
Ingen Tags, Vær først til at tagge denne postø!

MARC

LEADER 00000nam a2200000 a 4500
001 UCI1999
003 CL-VaPUC
005 20240911152503.0
008 070727e20070000CL |||||||||||||||||spa|d
999 |c 326664  |d 326662 
020 |a 9789561017061 
040 |c Pontificia Universidad Católica de Valparaíso 
082 0 4 |a 345.83 CHI 2007  |2 21 
110 1 |a Chile  |9 890760 
245 1 0 |a Código penal. Edición oficial aprobada por decreto N§ 371 de 27 febrero de 2006, del Ministerio de Justicia.  |b Anotado, concordado y con jurisprudencia. 
250 |b Vigésima Edición 
260 |a Santiago, Chile:  |b Jurídica,  |c 2007 
300 |a 528 páginas 
505 |a Mensaje del Gobierno acompañando el presente Código Penal al Congreso. -Libro I -Libro II. Crímenes y simples delitos y sus penas. -Libro III. Apéndice: -Ley N.º 18.050, de 6 de noviembre de 1981. Fija normas generales para conceder indultos particulares. -Ley N.º 18.216, de 14 de mayo de 1983. Establece medidas que indica como alternativas a las penas privativas o restrictivas de libertad y deroga disposiciones que señala. -Ley N.º 11.564, de 17 de agosto de 1954, sobre Mataderos Clandestinos. -Ley General Sobre Ferrocarriles. Texto definitivo fijado por decreto N.° 1.157, de 13 de julio de 1931. -Ley N.º 18.290, de 7 de febrero de 1984. Ley de Tránsito (artículos relativos a delitos vinculados con el alcohol). -Ley N.º 20.000, de 16 de febrero de 2005. Sustituye la Ley N.º 19.366, que sanciona el tráfico ilícito de estupefacientes y sustancias sicotrópicas. -Ley N.º 18.314, de 17 de mayo de 1984. Determina conductas terroristas y fija su penalidad. -Ley N.º 19.223, de 7 de junio de 1993.Tipifica figuras penales relativas a la informática. -Ley N.º 19.327, de 31 de agosto de 1994. Fija normas para prevención y sanción de hechos de violencia en recintos deportivos con ocasión de espectáculos de fútbol profesional. -Ley N.º 19.856, de 4 de febrero de 2003. Crea un sistema de reinserción social de los condenados sobre la base de la observación de buena conducta. -Ley N.º 19.913, de 18 de diciembre de 2003. Crea la Unidad de Análisis Financiero y modifica diversas disposiciones en materia de lavado y blanqueo de activos. -Ley N.º 20.009, de 1° de abril de 2005, que limita la responsabilidad de los usuarios de tarjetas de crédito por operaciones realizadas con tarjetas extraviadas, hurtadas o robadas, estableciendo conductas que constituyen delito de uso fraudulento de tarjetas de crédito o débito. -Ley N.º 20.084, de 7 de diciembre de 2005. Establece un sistema de responsabilidad de los adolescentes por infracciones a la ley penal. 
583 |a last modification  |c 20070727 00:00:00  |k Rodrigo Vera 
650 1 |a Código penal chileno  |9 484032 
650 1 |a Derecho penal chileno   |9 891282 
650 1 |a Delitos  |z Chile  |9 891283 
650 1 |a Penas  |z Chile  |9 890554 
650 1 |a Crímenes  |z Chile  |9 890555 
650 1 |a Jurisprudencia penal  |9 256149 
700 |a Piña Rochefort, Juan Ignacio  |9 887151 
942 |c BK  |2 ddc 
945 |d 20070727 00:00:00  |a jtorresc 
952 |0 0  |1 0  |4 0  |6 345_830000000000000_CHI_2007  |7 0  |8 R  |9 408709  |a BIBDER  |b BIBDER  |d 2019-11-22  |i 4357728  |o 345.83 CHI 2007  |p 4357728  |r 2023-01-25  |w 2019-11-22  |y BK_R  |k DER